LEADER 01272nam a2200325 a 4500 001 000000059174 003 CaOOAMICUS 005 20130326133028.0 008 010625s1989 it u000 u ita r 020 $a8842033901 035 $a10893869 040 $aPUL(R)$bita 245 00$aCrisi e fede /$ca cura di Jader Jacobelli. 260 $aBari :$bLaterza,$c1989. 300 $aVII, 204 p. ;$c18 cm 490 1 $aSaggi tascabili Laterza ;$v137 500 $aContributi di vari autori. 650 4$aFede.$0(OLS)http://pul/subject/668 700 1 $aJacobelli, Jader,$cO.I.M.,$d1918-$0(OLS)http://pul/name/40898 830 0$aSaggi tascabili Laterza ;$v137.$0(OLS)http://pul/title/33436 850 $aPUL 852 $aPUL$W1$xDP1 Altre Collocazioni$y17$mSenza collocazione$j12$nBK-PRI$b $qStampati$B77202$CPULBib$Z2$F77202 $H $81 852 $aPUL$W1$xDP1 Fondo E. Rossi$y115$m1 J 2$j153229$qFondi$B152780$CPULBib$Z2$F152780 $82 941 1 $a8 941 1 $a1 961 $aSul dorso collocazione ms. di E. Rossi: J 4 996 $6020$a8842033901$9(OLS)http://pul/number/75229 996 $6245$aCrisi e fede$9(OLS)http://pul/title/79261 996 $6260$aBari :$bLaterza$9(OLS)http://pul/publisher/47895 LEADER 01237nam a2200265 a 4500 001 000000140462 003 CaOOAMICUS 005 20141114125549.0 008 141114s2014 it u000 u ita r 040 $aPUL$bita 100 1 $aMhanna, Charbel.$0(OLS)http://pul/name/90554 245 13$aLa Chiesa maronita nella ricostruzione del Libano secondo la dottrina sociale della Chiesa /$cCharbel Mhanna. 260 $aRomae :$b[s.n.],$c2014. 300 $a453 p.$c21 cm 502 $aTesi di dottorato in Sacra Teologia--Pontificia Universitas Lateranensis, 2014. 504 $aBibliografia: p. [419]-446. 610 24$aChiesa maronita.$0(OLS)http://pul/subject/14507 710 2 $aPontificia Universitą Lateranense.$bFacoltą di Teologia$kTesi.$0(OLS)http://pul/name/81775 850 $aPUL 852 $aPUL$W1$xDP1 Tesi Pon Univ. Lateranense$y41$m2014 B 8$j160883$qTesi$B161780$CPULBib$Z2$F161780 $82 910 $aPontificia Universitą Lateranense.$bFacoltą di sacra teologia.$kTesi$981775 941 1 $a16 996 $6245$aLa Chiesa maronita nella ricostruzione del Libano secondo la dottrina sociale della Chiesa$9(OLS)http://pul/title/177786 996 $6260$aRomae :$b[s.n.]$9(OLS)http://pul/publisher/48223